[Event "4th Stage Russian Cup"]
[Site "Samara RUS"]
[Date "2002.08.01"]
[Round "7"]
[White "Snatenkov,V"]
[Black "Iljin,A"]
[Result "0-1"]
[WhiteElo "2225"]
[BlackElo "2450"]
[EventDate "2002.07.26"]

1. d4 Nf6 2. c4 e6 3. Nc3 Bb4 4. e3 b6 5. Nge2 c5 6. a3 Ba5 7. Rb1 Na6 8.
Bd2 O-O 9. Ng3 Bb7 10. Bd3 d5 11. cxd5 cxd4 12. exd4 Bxc3 13. bxc3 Qxd5 14.
Qe2 Nb8 15. f3 Qa2 16. Ne4 Nxe4 17. fxe4 Ba6 18. O-O Bxd3 19. Qxd3 Qxa3 20.
Qg3 f6 21. Qc7 Qa4 22. e5 Qc6 23. Qe7 Re8 24. Qa3 fxe5 25. Rf2 Nd7 26. Rbf1
a5 27. c4 Rf8 28. Qg3 Qe4 29. Qh3 Qxd4 30. Qxe6+ Kh8 31. Be1 Rf6 0-1

[Event "4th Stage Russian Cup"]
[Site "Samara RUS"]
[Date "2002.08.01"]
[Round "7"]
[White "Bryzgalin,K"]
[Black "Kondenko,A"]
[Result "1-0"]
[WhiteElo "2446"]
[BlackElo "2335"]
[EventDate "2002.07.26"]

1. e4 g6 2. d4 Bg7 3. Nc3 d6 4. Nge2 Nc6 5. Be3 Nf6 6. f3 O-O 7. Qd2 e5 8.
O-O-O Re8 9. Kb1 a6 10. g4 b5 11. d5 Na5 12. b3 Bd7 13. Ng3 b4 14. Nce2 Bb5
15. Qxb4 c5 16. dxc6 Nxc6 17. Qd2 Rb8 18. g5 Nd7 19. Bh3 Nf8 20. Ka1 d5 21.
Qxd5 Qa5 22. Qd2 Qc7 23. c4 Bxc4 24. bxc4 Red8 25. Qc3 1-0

[Event "4th Stage Russian Cup"]
[Site "Samara RUS"]
[Date "2002.08.01"]
[Round "7"]
[White "Gareev,T"]
[Black "Kosintseva,T"]
[Result "0-1"]
[WhiteElo "2191"]
[BlackElo "2441"]
[EventDate "2002.07.26"]

1. d4 f5 2. g3 Nf6 3. Bg2 g6 4. Nf3 Bg7 5. O-O O-O 6. d5 e6 7. dxe6 d5 8.
c4 dxc4 9. Qc2 Qe7 10. Nc3 Bxe6 11. Nd4 c6 12. e4 Nxe4 13. Nxe6 Qxe6 14.
Nxe4 fxe4 15. Re1 b5 16. Rxe4 Qf5 17. Qe2 Nd7 18. Rf4 Rae8 19. Be3 Qe6 20.
Re4 Qf6 21. Rd1 Rxe4 22. Bxe4 Ne5 23. Bxa7 Rd8 24. Bd4 Qd6 25. Bc2 Nf3+ 26.
Qxf3 Bxd4 27. Qe4 Qf6 28. Rd2 c5 29. Kg2 Rf8 30. f4 Kg7 31. Qb7+ Rf7 32. b3
Rxb7 0-1

[Event "4th Stage Russian Cup"]
[Site "Samara RUS"]
[Date "2002.08.01"]
[Round "7"]
[White "Temirbaev,S"]
[Black "Driamin,D"]
[Result "1/2-1/2"]
[WhiteElo "2433"]
[BlackElo "2323"]
[EventDate "2002.07.26"]

1. d4 d5 2. c4 c6 3. Nf3 Nf6 4. e3 g6 5. Bd3 Bg7 6. O-O O-O 7. Nc3 Nbd7 8.
cxd5 Nxd5 9. Nxd5 cxd5 10. Qb3 Nb8 11. Bd2 Nc6 12. Rfc1 Qd6 13. Rc2 Rb8 14.
h3 Bd7 15. Rac1 Kh8 16. a4 Bf5 17. a5 Bxd3 18. Qxd3 a6 19. Rc5 e6 20. Qb3
Qd7 21. Ne1 Rfc8 22. Nd3 Bf8 23. R5c2 Kg8 24. Qa4 Qe8 25. b3 Bd6 26. Rc3
Qd8 27. R3c2 Qe8 28. Nc5 Bxc5 29. Rxc5 Qd8 30. Qa3 Ne7 31. Rxc8 Rxc8 32.
Rxc8 Nxc8 33. Qc5 Ne7 34. Be1 Nc6 1/2-1/2

[Event "4th Stage Russian Cup"]
[Site "Samara RUS"]
[Date "2002.08.01"]
[Round "7"]
[White "Simantsev,M"]
[Black "Pavlov,De"]
[Result "1-0"]
[WhiteElo "2401"]
[BlackElo "2263"]
[EventDate "2002.07.26"]

1. d4 d5 2. Nf3 Nf6 3. e3 c6 4. c4 e6 5. Nc3 Nbd7 6. Qc2 Bd6 7. Be2 O-O 8.
b3 Qe7 9. O-O dxc4 10. bxc4 e5 11. c5 Bc7 12. a4 Ba5 13. Bb2 exd4 14. exd4
b6 15. Rae1 bxc5 16. Bc4 Qd6 17. dxc5 Nxc5 18. Re5 Rb8 19. Ba3 Bb4 20. Bxb4
Rxb4 21. Rd1 Qc7 22. Rxc5 Qb6 23. Na2 Rb2 24. a5 Rxc2 25. axb6 Be6 26. Nb4
Rxc4 27. Rxc4 Bxc4 28. b7 Bb5 29. Ne5 1-0

[Event "4th Stage Russian Cup"]
[Site "Samara RUS"]
[Date "2002.08.01"]
[Round "7"]
[White "Shkliar,A"]
[Black "Torbin,K"]
[Result "1/2-1/2"]
[WhiteElo "2249"]
[BlackElo "2388"]
[EventDate "2002.07.26"]

1. d4 d5 2. c4 dxc4 3. Nf3 Nf6 4. e3 e6 5. Bxc4 a6 6. O-O c5 7. e4 b5 8.
Bd3 Bb7 9. Bg5 cxd4 10. e5 h6 11. Bh4 g5 12. exf6 gxh4 13. Nbd2 Nd7 14. Be4
Bxe4 15. Nxe4 Nxf6 16. Nxf6+ Qxf6 17. Qc2 Rd8 18. Qc6+ Rd7 19. Rfd1 Bg7 20.
Rxd4 Qd8 21. Rd2 Qc7 22. Qxa6 O-O 23. Qxb5 Rxd2 24. Nxd2 Rb8 25. Qc4 Qe5
26. Qe4 Qxe4 27. Nxe4 Rxb2 28. Rd1 Rxa2 29. Kf1 Be5 30. h3 Kg7 31. Rd2 Ra4
32. Nc5 Rc4 33. Nd3 Bc7 34. Rb2 Bd6 35. Ke2 e5 36. Rb6 Be7 37. Rb7 Bf6 38.
Rb4 Rc3 39. Ne1 Bg5 40. Nf3 Rc2+ 41. Kf1 Be7 42. Re4 Bc5 43. Re2 1/2-1/2

[Event "4th Stage Russian Cup"]
[Site "Samara RUS"]
[Date "2002.08.01"]
[Round "7"]
[White "Tihonov,J"]
[Black "Pisakov,I"]
[Result "1-0"]
[WhiteElo "2382"]
[BlackElo "2260"]
[EventDate "2002.07.26"]

1. d4 d5 2. c4 c6 3. Nf3 Nf6 4. Nc3 e6 5. e3 Nbd7 6. Qc2 Bd6 7. g4 Nxg4 8.
Rg1 Qf6 9. Rxg4 Qxf3 10. Rxg7 Nf8 11. Rg1 Ng6 12. Be2 Qf6 13. Bd2 Bd7 14.
Rf1 O-O-O 15. cxd5 exd5 16. Nxd5 Qh4 17. Nc3 Bh3 18. O-O-O Bxf1 19. Rxf1
Kb8 20. Ne4 Qxh2 21. Ba5 Bc7 22. Bb4 Rhe8 23. Bc4 Qg2 24. Nd2 Rd7 25. Qf5
Red8 26. Qf6 a5 27. Bc5 b6 28. Ba3 b5 29. Be2 Qd5 30. Bc5 Bd6 31. Bf3 Qxa2
32. Bxc6 Bxc5 33. Bxd7 Rxd7 34. dxc5 Qd5 35. Qb6+ Kc8 36. Qa6+ Kd8 37.
Qxa5+ Ke7 38. Qc3 Ne5 39. Nb3 Nd3+ 40. Kb1 Qc4 41. c6 Qxc3 42. bxc3 Rc7 43.
Nd4 1-0

[Event "4th Stage Russian Cup"]
[Site "Samara RUS"]
[Date "2002.08.01"]
[Round "7"]
[White "Kotanjian,T"]
[Black "Kiselev,Ar"]
[Result "1-0"]
[WhiteElo "2388"]
[BlackElo "2195"]
[EventDate "2002.07.26"]

1. d4 d5 2. c4 e6 3. Nc3 c6 4. e4 dxe4 5. Nxe4 Bb4+ 6. Bd2 Qxd4 7. Bxb4
Qxe4+ 8. Be2 Nd7 9. Nf3 c5 10. Bc3 Ne7 11. Nd2 Qg6 12. Bh5 Qd3 13. h4 Nf5
14. Rh3 Qd6 15. Ne4 Qxd1+ 16. Rxd1 O-O 17. Rhd3 Nd4 18. Bxd4 cxd4 19. Rxd4
f5 20. Ng5 Nf6 21. Be2 e5 22. Rd8 h6 23. c5 g6 24. Bc4+ Kg7 25. Nf3 e4 26.
Ne5 Nh7 27. R1d6 Rxd8 28. Rxd8 Nf8 29. Nf7 b5 30. Bd5 1-0

[Event "4th Stage Russian Cup"]
[Site "Samara RUS"]
[Date "2002.08.01"]
[Round "7"]
[White "Khismatullin,D"]
[Black "Kalinin,Michail"]
[Result "1-0"]
[WhiteElo "2428"]
[BlackElo "2303"]
[EventDate "2002.07.26"]

1. c4 e6 2. Nc3 d5 3. d4 Nf6 4. Bg5 Be7 5. e3 Nbd7 6. Nf3 c6 7. Bd3 b6 8.
O-O Bb7 9. Qe2 a6 10. Rad1 Qc7 11. Rfe1 Bd6 12. cxd5 cxd5 13. e4 dxe4 14.
Nxe4 Bf4 15. Bxf6 Nxf6 16. Nxf6+ gxf6 17. Bc4 O-O 18. d5 b5 19. Bb3 Bxd5
20. Bxd5 exd5 21. g3 Rfe8 22. Qxe8+ Rxe8 23. Rxe8+ Kg7 24. gxf4 Qxf4 25.
Re3 Qa4 26. Rxd5 Qg4+ 27. Kh1 Qc4 28. Red3 Qxa2 29. Nh4 f5 30. Rd6 f6 31.
Rd7+ Kf8 32. Nxf5 Qxb2 33. Kg2 Qb1 34. Rd8+ Kf7 35. Nh6+ Ke7 36. R8d7+ Ke8
37. Ng8 Kf8 38. Nxf6 h6 39. Nh7+ Ke8 40. Nf6+ Kf8 41. Rg3 1-0

[Event "4th Stage Russian Cup"]
[Site "Samara RUS"]
[Date "2002.08.01"]
[Round "7"]
[White "Askarov,M"]
[Black "Yashtylov,A"]
[Result "0-1"]
[WhiteElo "2242"]
[BlackElo "2381"]
[EventDate "2002.07.26"]

1. d4 d5 2. Nf3 c6 3. c4 dxc4 4. g3 Nf6 5. Bg2 b5 6. Ne5 Bb7 7. Nc3 a6 8.
a4 Qb6 9. e4 e6 10. Be3 c5 11. axb5 axb5 12. Rxa8 Bxa8 13. O-O cxd4 14.
Bxd4 Qa6 15. Qa1 Bb7 16. Qxa6 Bxa6 17. Ba7 Bd6 18. Bxb8 Bxb8 19. Nc6 Bc7
20. Ra1 Bb7 21. Ra7 Kd7 22. Rxb7 Kxc6 23. Rxb5 Rb8 24. Rxb8 Bxb8 25. e5+
Nd5 26. f4 Ba7+ 27. Kf1 Be3 28. Ke1 Bc1 29. Ne4 Ne3 30. Bf3 Bxb2 31. Kd2
Nf5 0-1

[Event "4th Stage Russian Cup"]
[Site "Samara RUS"]
[Date "2002.08.01"]
[Round "7"]
[White "Kazancev,V"]
[Black "Rodchenkov,V"]
[Result "1-0"]
[WhiteElo "2343"]
[BlackElo "2305"]
[EventDate "2002.07.26"]

1. c4 c5 2. Nc3 Nf6 3. g3 e6 4. Nf3 b6 5. Bg2 Bb7 6. O-O Be7 7. d3 O-O 8.
e4 d6 9. a3 Nc6 10. Rb1 Nd7 11. b4 Nde5 12. Ne1 Nd4 13. f4 Nd7 14. Ne2
Nxe2+ 15. Qxe2 Qc7 16. Nf3 Rfe8 17. Bb2 d5 18. b5 Bf8 19. Rfe1 dxe4 20.
dxe4 a6 21. a4 axb5 22. axb5 Ra2 23. Qd3 Rd8 24. Qb3 Ra7 25. Rbd1 Nf6 26.
Ne5 Rxd1 27. Rxd1 Ra8 28. Nc6 Nd7 29. e5 Nb8 30. Qf3 Nxc6 31. bxc6 Ba6 32.
Ra1 Qc8 33. Qb3 Be7 34. Qxb6 Bd8 35. Qxc5 1-0

[Event "4th Stage Russian Cup"]
[Site "Samara RUS"]
[Date "2002.08.01"]
[Round "7"]
[White "Blatov,I"]
[Black "Rjabzev,K"]
[Result "1-0"]
[WhiteElo "2324"]
[BlackElo "2265"]
[EventDate "2002.07.26"]

1. e4 e5 2. Bc4 Nf6 3. d3 Bc5 4. Nf3 Nc6 5. c3 d6 6. Nbd2 a6 7. Bb3 Ba7 8.
Nf1 d5 9. Qe2 dxe4 10. dxe4 Be6 11. Bxe6 fxe6 12. Bg5 O-O 13. N1d2 Qe8 14.
O-O Qg6 15. Kh1 Rf7 16. Be3 Bxe3 17. Qxe3 Rd7 18. Qe2 Rad8 19. Rfe1 Nh5 20.
g3 Nf6 21. Nc4 Qh5 22. Kg2 Qh6 23. a4 Ne8 24. b4 b5 25. axb5 axb5 26. Ncxe5
Nxe5 27. Nxe5 Rd2 28. Qxb5 Nd6 29. Qc5 Rf8 30. Nf3 Rd3 31. Ng1 Rd2 32. Nh3
Qg6 33. Qe3 Nc4 34. Qc5 Nd6 35. Qe5 Nc4 36. Qxc7 Qf6 37. Qc5 Ne5 38. Qe3
Nc4 39. Qc5 Ne5 40. Nf4 Ng4 41. Rf1 e5 42. Nh3 Qf3+ 43. Kg1 Qxe4 44. Ng5
Qf5 45. Qc4+ Kh8 46. Nf7+ Rxf7 47. Qxg4 Qf6 48. Ra8+ Rf8 49. Rxf8+ Qxf8 50.
Qe4 1-0

[Event "4th Stage Russian Cup"]
[Site "Samara RUS"]
[Date "2002.08.01"]
[Round "7"]
[White "Sunjaikin,B"]
[Black "Ayupov,D"]
[Result "1-0"]
[WhiteElo "2219"]
[BlackElo "2312"]
[EventDate "2002.07.26"]

1. e4 e6 2. d4 d5 3. Nd2 Nf6 4. e5 Nfd7 5. f4 c5 6. c3 Nc6 7. Ndf3 Qb6 8.
a3 Be7 9. h4 f6 10. Bd3 a5 11. Ne2 O-O 12. Qc2 f5 13. Qd1 cxd4 14. cxd4 h5
15. Rb1 Qc7 16. Be3 b6 17. Ng5 Ndb8 18. Rc1 g6 19. Bb5 Bxg5 20. fxg5 Ba6
21. Bxc6 Nxc6 22. Nf4 Kf7 23. Nxh5 gxh5 24. Qxh5+ Ke7 25. g6 Rae8 26. Qg5+
Kd7 27. g7 Rg8 28. h5 f4 29. h6 Bd3 30. Qxf4 Bh7 31. Kd2 Qb7 32. Rc3 Qa6
33. Rhc1 Rc8 34. Rxc6 1-0

[Event "4th Stage Russian Cup"]
[Site "Samara RUS"]
[Date "2002.08.01"]
[Round "7"]
[White "Guseva,O"]
[Black "Akhmadeev,V"]
[Result "0-1"]
[WhiteElo "2227"]
[BlackElo "2414"]
[EventDate "2002.07.26"]

1. d4 Nf6 2. Nf3 g6 3. c4 Bg7 4. g3 O-O 5. Bg2 d6 6. O-O Nc6 7. d5 Na5 8.
Nbd2 c5 9. e4 a6 10. Rb1 b5 11. b3 e5 12. dxe6 Bxe6 13. Ng5 Bg4 14. Qc2 Nc6
15. f3 Nb4 16. Qd1 Bd7 17. a3 Nd3 18. f4 Ng4 19. Ndf3 Nxc1 20. Qxc1 h6 21.
Nh3 Bc6 22. Re1 Re8 23. Qc2 Qc7 24. Nf2 Nxf2 25. Kxf2 Qb7 26. e5 dxe5 27.
cxb5 axb5 28. fxe5 Rxa3 29. e6 fxe6 30. Qxc5 Ra2+ 31. Re2 Rxe2+ 32. Kxe2
Rc8 33. Qe3 Bd5 34. Rd1 g5 35. g4 b4 36. h4 gxh4 37. g5 h3 38. Bh1 Rc2+ 39.
Kf1 Rc3 40. Rd3 Qa6 41. Ke2 Rxd3 0-1

[Event "4th Stage Russian Cup"]
[Site "Samara RUS"]
[Date "2002.08.01"]
[Round "7"]
[White "Shestoperova,A"]
[Black "Krishilovsky,A"]
[Result "0-1"]
[WhiteElo "2201"]
[BlackElo "2040"]
[EventDate "2002.07.26"]

1. d4 Nf6 2. Nf3 e6 3. e3 d5 4. Bd3 c5 5. c3 Nc6 6. b3 Bd6 7. Nbd2 O-O 8.
Bb2 Qe7 9. O-O e5 10. dxe5 Nxe5 11. Nxe5 Qxe5 12. Nf3 Qh5 13. Be2 Bg4 14.
g3 Rad8 15. Re1 Rfe8 16. Nd2 Re6 17. Nf1 Bxe2 18. Rxe2 c4 19. Rd2 Qxd1 20.
Raxd1 b5 21. b4 a5 22. a3 Kf8 23. f3 h5 24. h3 g5 25. g4 hxg4 26. hxg4 Bc7
27. Kg2 Ke7 28. Re2 Rh8 29. Ng3 Bxg3 30. Kxg3 Rd6 31. Rh2 Rxh2 32. Kxh2 Nd7
33. Kg3 Ne5 34. Rh1 Nd3 35. Bc1 Ke6 36. Bd2 f6 37. Rh8 axb4 38. axb4 Ra6
39. f4 Ra2 40. Rh2 Rc2 41. Rg2 Nb2 42. Be1 Rc1 43. Bd2 Rd1 44. Kf3 Na4 45.
Re2 Rf1+ 46. Kg2 Rb1 47. fxg5 fxg5 48. e4 Rb3 49. exd5+ Kxd5 50. Bxg5 Nxc3
51. Rd2+ Ke4 52. Rf2 Rxb4 53. Be7 Ra4 54. g5 Nd5 55. Bf6 Nxf6 56. gxf6 Ra8
57. f7 Rf8 58. Kf1 b4 59. Ke2 c3 60. Rf6 b3 61. Rb6 c2 62. Rb4+ Ke5 63.
Rb5+ Ke6 64. Kd2 Rd8+ 0-1

[Event "4th Stage Russian Cup"]
[Site "Samara RUS"]
[Date "2002.08.01"]
[Round "7"]
[White "Min,V"]
[Black "Shkliar,S"]
[Result "0-1"]
[WhiteElo "2383"]
[BlackElo "2211"]
[EventDate "2002.07.26"]

1. e4 c5 2. Nf3 e6 3. d3 Nc6 4. g3 Nf6 5. Bg2 d5 6. Nbd2 Be7 7. O-O b6 8.
Re1 Bb7 9. e5 Nd7 10. Nf1 Qc7 11. Bf4 h6 12. h4 O-O-O 13. N1h2 Rdg8 14. Ng4
g5 15. hxg5 hxg5 16. Bd2 Rh5 17. c3 d4 18. cxd4 cxd4 19. Rc1 Nc5 20. b4
Nxd3 21. b5 Nxc1 22. bxc6 Bxc6 23. Qxc1 Rgh8 24. Nfh2 Bc5 25. Bxg5 d3 26.
Bh4 f5 27. Bxc6 Qxc6 28. Nf6 R5h6 29. Qf4 Rg6 30. Nf3 Rd8 31. Rd1 Kb7 32.
Bg5 Be7 33. Nh4 Rg7 34. Bh6 Rf7 35. Qe3 Qc2 36. Qd2 Qa4 37. Rb1 Ba3 38. Rb3
Qa6 39. Be3 Rc7 40. Qd1 d2 0-1

[Event "4th Stage Russian Cup"]
[Site "Samara RUS"]
[Date "2002.08.01"]
[Round "7"]
[White "Gazizov,R"]
[Black "Zhumabaev,R"]
[Result "1-0"]
[WhiteElo "2358"]
[BlackElo "2234"]
[EventDate "2002.07.26"]

1. e4 e5 2. Nf3 Nc6 3. d4 exd4 4. Nxd4 Bc5 5. Nxc6 Qf6 6. Qd2 dxc6 7. Nc3
Qe7 8. Bd3 Be6 9. O-O O-O-O 10. Qe2 Nf6 11. Be3 Ng4 12. Bxc5 Qxc5 13. h3
Ne5 14. Rfe1 g5 15. Qe3 Qxe3 16. Rxe3 Rd6 17. Bf1 Rhd8 18. b3 Rd2 19. Rc1
h5 20. Re2 h4 21. Rxd2 Rxd2 22. Nb1 Rd4 23. f3 f6 24. Kf2 Ng6 25. Ke3 c5
26. Nc3 Kd8 27. Rd1 Rxd1 28. Nxd1 Ke7 29. Nc3 c6 30. Ne2 a5 31. f4 Bf7 32.
fxg5 fxg5 33. Ng1 Kf6 34. Nf3 Ne5 35. Nd2 b5 36. a4 Be8 37. c4 bxa4 38.
bxa4 Bf7 39. Be2 Ke7 40. Nb3 Bxc4 41. Nxa5 Bxe2 42. Kxe2 c4 43. Nb7 Nd3 44.
a5 Kd7 45. a6 Kc7 46. Na5 Nf4+ 47. Kf3 Kb6 1-0

[Event "4th Stage Russian Cup"]
[Site "Samara RUS"]
[Date "2002.08.01"]
[Round "7"]
[White "Sidorova,E"]
[Black "Kozlitin,O"]
[Result "1-0"]
[WhiteElo "2132"]
[BlackElo "2273"]
[EventDate "2002.07.26"]

1. d4 f5 2. Nf3 Nf6 3. g3 e6 4. Bg2 d5 5. O-O Bd6 6. c4 c6 7. Ne5 O-O 8.
Bf4 Ng4 9. Nxg4 Bxf4 10. gxf4 fxg4 11. e3 Qh4 12. Qe1 Rf6 13. f3 Qxe1 14.
Rxe1 gxf3 15. Bxf3 g5 16. Nd2 gxf4 17. e4 dxc4 18. Nxc4 Nd7 19. Kh1 e5 20.
dxe5 Rg6 21. Bh5 Rh6 22. Rg1+ Kf8 23. Rg5 Nc5 24. Rf1 Ne6 25. Rf5+ Kg7 26.
Rg1+ Rg6 27. Bxg6 hxg6 28. Rf6 Nf8 29. Nd6 Be6 30. b3 b6 31. Nf5+ Kh7 32.
Ne7 f3 33. Nxg6 Nxg6 34. Rgxg6 f2 35. Kg2 Bh3+ 36. Kxf2 1-0

[Event "4th Stage Russian Cup"]
[Site "Samara RUS"]
[Date "2002.08.01"]
[Round "7"]
[White "Alagulian,K"]
[Black "Khakimov,T"]
[Result "1/2-1/2"]
[WhiteElo "2263"]
[BlackElo "2132"]
[EventDate "2002.07.26"]

1. e4 c5 2. Nf3 Nc6 3. d4 cxd4 4. Nxd4 Nf6 5. Nc3 e5 6. Ndb5 d6 7. Bg5 a6
8. Na3 b5 9. Nd5 Be7 10. Bxf6 Bxf6 11. c3 O-O 12. Nc2 Bg5 13. h4 Bh6 14. g3
f5 15. exf5 Bxf5 16. Bg2 Rc8 17. O-O a5 18. a4 Rb8 19. axb5 Rxb5 20. b4
Bxc2 21. Qxc2 axb4 22. cxb4 Nd4 23. Qc4 Kh8 24. Nc7 Rb8 25. b5 Qd7 26. Ra7
Qg4 27. Qd5 Be3 28. Ra2 Qxg3 29. fxe3 Rxf1+ 30. Kxf1 Rf8+ 31. Kg1 Qe1+ 32.
Kh2 Qxh4+ 33. Bh3 Rf2+ 34. Rxf2 Qxf2+ 35. Bg2 Qh4+ 36. Kg1 Qe1+ 37. Kh2
Qh4+ 38. Bh3 Qf2+ 39. Qg2 Nf3+ 40. Kh1 Qe1+ 41. Qf1 Qg3 1/2-1/2

[Event "4th Stage Russian Cup"]
[Site "Samara RUS"]
[Date "2002.08.01"]
[Round "7"]
[White "Nagimov,A"]
[Black "Poletaev,Vi"]
[Result "0-1"]
[WhiteElo "2154"]
[BlackElo "2247"]
[EventDate "2002.07.26"]

1. d4 Nf6 2. c4 e6 3. Nf3 b6 4. a3 Bb7 5. Nc3 Be7 6. d5 O-O 7. e4 d6 8. Be2
e5 9. O-O Nbd7 10. Qc2 h6 11. h3 Nh7 12. b4 a5 13. Bb2 c6 14. dxc6 Bxc6 15.
Rfd1 Ndf6 16. Nxe5 Bb7 17. Nf3 Qc8 18. Nd4 Rd8 19. Nf5 Bf8 20. Nd5 Nxd5 21.
exd5 Re8 22. Bg4 Qd8 23. Qc3 Qg5 24. Qg3 h5 25. Rd4 Nf6 26. h4 Qg6 27. Bh3
axb4 28. Rdd1 Qxg3 29. Nxg3 Ne4 30. axb4 Nxg3 31. fxg3 g6 32. Kf2 f5 33.
Rxa8 Bxa8 34. b5 Rc8 35. Rc1 Bh6 36. Ra1 Bxd5 37. cxd5 Rc2+ 38. Kg1 Rxb2
39. Rf1 Be3+ 40. Kh2 Bf2 0-1

[Event "4th Stage Russian Cup"]
[Site "Samara RUS"]
[Date "2002.08.01"]
[Round "7"]
[White "Kurganov,D"]
[Black "Luchkin,A"]
[Result "1/2-1/2"]
[WhiteElo "2106"]
[BlackElo "2191"]
[EventDate "2002.07.26"]

1. c4 c6 2. Nf3 d5 3. b3 dxc4 4. bxc4 e5 5. Bb2 e4 6. Nd4 c5 7. Nc2 f5 8.
Ne3 Be6 9. Qb3 Qd7 10. Nd5 Nc6 11. Nbc3 Bxd5 12. Nxd5 Bd6 13. Qe3 O-O-O 14.
g3 Nh6 15. h3 Rde8 16. Bg2 Rhg8 17. O-O-O Nf7 18. Qa3 Nfe5 19. d3 Kb8 20.
Rhe1 exd3 21. exd3 Nd4 22. Bxd4 cxd4 23. Qb3 Nc6 24. Kb1 Rxe1 25. Rxe1 Re8
26. Qd1 Nb4 27. Re2 Nxd5 28. Bxd5 Rxe2 29. Qxe2 Qa4 1/2-1/2

[Event "4th Stage Russian Cup"]
[Site "Samara RUS"]
[Date "2002.08.01"]
[Round "7"]
[White "Kochetkov,Vic"]
[Black "Doluhanova,E"]
[Result "0-1"]
[WhiteElo "2161"]
[BlackElo "2097"]
[EventDate "2002.07.26"]

1. Nc3 d5 2. d4 e6 3. Nf3 Nf6 4. Bg5 Be7 5. Bxf6 Bxf6 6. e4 dxe4 7. Nxe4
O-O 8. c3 Nd7 9. Qc2 b6 10. h4 Re8 11. Bb5 a6 12. Bc6 Rb8 13. O-O-O b5 14.
Neg5 g6 15. Ne4 Bg7 16. h5 Bb7 17. hxg6 hxg6 18. Bxb7 Rxb7 19. Neg5 b4 20.
Qe4 Rb5 21. Qf4 Rf5 22. Qd2 bxc3 23. bxc3 Qe7 24. Kb1 Nb6 25. Ka1 c5 26. g4
Rd5 27. Rh7 cxd4 28. Rxg7+ Kxg7 29. Rh1 Rh8 30. Rxh8 Kxh8 31. c4 0-1

[Event "4th Stage Russian Cup"]
[Site "Samara RUS"]
[Date "2002.08.02"]
[Round "8"]
[White "Popov,Val"]
[Black "Nevostrujev,V"]
[Result "0-1"]
[WhiteElo "2579"]
[BlackElo "2502"]
[EventDate "2002.07.26"]

1. d4 Nf6 2. c4 g6 3. Nc3 Bg7 4. e4 O-O 5. Nf3 d6 6. Be2 c5 7. d5 e6 8. O-O
exd5 9. cxd5 Bg4 10. Bf4 Qe7 11. h3 Bxf3 12. Bxf3 Nbd7 13. Re1 Ne8 14. Qb3
Rb8 15. a4 Nc7 16. Nb5 Nxb5 17. axb5 a6 18. Be2 Bd4 19. Qg3 Nf6 20. Bf3
Rfd8 21. e5 dxe5 22. Rxe5 Qf8 23. Re2 Ra8 24. bxa6 Rxa6 25. Rxa6 bxa6 26.
Bc7 Re8 27. d6 Rxe2 28. Bxe2 Qe8 29. Kf1 Qa4 30. Qa3 Qc2 31. g3 Qf5 32. Qf3
Qxh3+ 33. Ke1 Qe6 34. b3 Kg7 35. Kd1 a5 36. Bc4 Qd7 37. Qe2 a4 38. Bb5 Qf5
39. Bd3 Qd5 40. bxa4 Bxf2 41. Qxf2 Qxd3+ 42. Kc1 Qa3+ 43. Kb1 Qxa4 44. Kc1
0-1

[Event "4th Stage Russian Cup"]
[Site "Samara RUS"]
[Date "2002.08.02"]
[Round "8"]
[White "Bocharov,D"]
[Black "Kornev,Alexe"]
[Result "1-0"]
[WhiteElo "2475"]
[BlackElo "2567"]
[EventDate "2002.07.26"]

1. d4 g6 2. Nf3 Bg7 3. c4 c5 4. e4 d6 5. dxc5 Qa5+ 6. Nfd2 Qxc5 7. Be2 Nc6
8. Nc3 Bxc3 9. bxc3 Nf6 10. O-O Ne5 11. Nb3 Qc7 12. f4 Ned7 13. Qd4 O-O 14.
Ba3 Re8 15. Bf3 Nb6 16. e5 dxe5 17. fxe5 Nxc4 18. exf6 Nxa3 19. Qa4 Qb6+
20. Kh1 Nb5 21. c4 Nc7 22. Rae1 e5 23. c5 Qb5 24. Qh4 Rd8 25. Be2 Qe8 26.
Bc4 Kh8 27. Qg5 Be6 28. Rxe5 Qf8 29. Bxe6 Nxe6 30. Qe3 Rac8 31. h3 Rc7 32.
Qc3 Rc6 33. Rfe1 Kg8 34. Qe3 Rc7 35. Qf3 Rdc8 36. Qg3 Qd8 37. Qh4 Rd7 38.
Kh2 Rd5 39. Qe4 Rxe5 40. Qxe5 Qd7 41. Re2 Qb5 42. Rd2 Qf1 43. Nd4 Nxc5 44.
Rc2 b6 45. Nc6 Rf8 46. Rd2 Ne6 47. Nxa7 Qc1 48. Rd6 Qc4 49. Rxb6 Qxa2 50.
Nc6 Qa8 51. Ne7+ Kh8 52. Rxe6 1-0

[Event "4th Stage Russian Cup"]
[Site "Samara RUS"]
[Date "2002.08.02"]
[Round "8"]
[White "Loskutov,O"]
[Black "Yurtaev,L"]
[Result "1/2-1/2"]
[WhiteElo "2406"]
[BlackElo "2552"]
[EventDate "2002.07.26"]

1. e4 e5 2. Nf3 Nc6 3. Bb5 a6 4. Ba4 Nf6 5. O-O Be7 6. Re1 b5 7. Bb3 O-O 8.
a3 Bb7 9. d3 Bc5 10. Nc3 Ng4 11. Rf1 h6 12. Nd5 Re8 13. h3 Nf6 14. c3 d6
15. Nh2 Rb8 16. Nxf6+ Qxf6 17. Kh1 Qg6 18. f4 exf4 19. Rxf4 Nd8 20. Nf3 Ne6
21. Nh4 Qh7 22. Rg4 h5 23. Rg5 Nxg5 24. Bxg5 d5 25. Qf3 Be7 26. Rf1 g6 27.
Qf4 Bd6 28. Qf2 Rf8 29. Bf6 dxe4 30. Qe3 Rfe8 31. Qg5 exd3 32. Nxg6 Re2 33.
Nf4+ Kf8 34. Nxe2 dxe2 35. Re1 Qg6 36. Qxg6 fxg6 37. Rxe2 Bc8 38. Bc2 Bf5
39. Bxf5 gxf5 40. Be5 Kf7 1/2-1/2

[Event "4th Stage Russian Cup"]
[Site "Samara RUS"]
[Date "2002.08.02"]
[Round "8"]
[White "Kostenko,P"]
[Black "Ovetchkin,R"]
[Result "0-1"]
[WhiteElo "2482"]
[BlackElo "2557"]
[EventDate "2002.07.26"]

1. e4 d5 2. exd5 Qxd5 3. Nc3 Qd6 4. d4 Nf6 5. Nf3 a6 6. Ne5 Nc6 7. Bf4 Nxd4
8. Bd3 Ne6 9. Bg3 Qb6 10. Qd2 g6 11. O-O-O Bg7 12. h4 c6 13. Na4 Qa7 14.
Qa5 b5 15. Bxg6 fxg6 16. Nxc6 Bh6+ 17. Kb1 Qb7 18. Nd8 Nxd8 19. Rxd8+ Kf7
20. Rxh8 bxa4 21. h5 Bg7 22. hxg6+ hxg6 23. R8h4 Nd5 24. b3 Bf5 25. Rxa4
Rc8 0-1

[Event "4th Stage Russian Cup"]
[Site "Samara RUS"]
[Date "2002.08.02"]
[Round "8"]
[White "Chuprov,D"]
[Black "Yevseev,D"]
[Result "0-1"]
[WhiteElo "2468"]
[BlackElo "2546"]
[EventDate "2002.07.26"]

1. d4 d5 2. c4 e6 3. Nc3 c6 4. e3 Nf6 5. Nf3 Nbd7 6. Qc2 Bd6 7. g4 dxc4 8.
Bxc4 b6 9. Bd2 Bb7 10. g5 Nd5 11. Nxd5 cxd5 12. Bd3 Rc8 13. Qa4 O-O 14. Rg1
Qe7 15. Bc3 a6 16. a3 b5 17. Qb3 e5 18. Bf5 Rc4 19. Bxd7 exd4 20. Bxd4 Qxd7
21. Nd2 Rc7 22. Qd3 Qh3 23. Rd1 Bc8 24. Qf1 Qh4 25. Qg2 Be6 26. Ke2 Rfc8
27. f3 Rc2 28. Qf2 Qh5 29. h4 b4 30. axb4 Bd7 31. Bc3 Bb5+ 32. Ke1 d4 33.
Bxd4 Bxb4 34. Qh2 Qxf3 0-1

[Event "4th Stage Russian Cup"]
[Site "Samara RUS"]
[Date "2002.08.02"]
[Round "8"]
[White "Dyachkov,S"]
[Black "Akhmetov,A"]
[Result "1/2-1/2"]
[WhiteElo "2549"]
[BlackElo "2482"]
[EventDate "2002.07.26"]

1. d4 Nf6 2. c4 d6 3. Nc3 e5 4. Nf3 Nbd7 5. e4 Be7 6. Be2 O-O 7. O-O c6 8.
Be3 Ng4 9. Bd2 Qe8 10. h3 Ngf6 11. Re1 Bd8 12. Bf1 Qe7 13. Bg5 Re8 14. Qc2
h6 15. Be3 Nh7 16. Rad1 Ndf8 17. c5 dxc5 18. Nxe5 cxd4 19. Bxd4 Bc7 20. Nc4
Ne6 21. Nd5 cxd5 22. exd5 Nf6 23. dxe6 Bxe6 24. Ne3 Ba5 25. Re2 Rac8 26.
Qb1 Bb6 27. Nf5 Bxf5 28. Qxf5 Qd7 29. Qxd7 Nxd7 30. Rxe8+ Rxe8 31. Bxg7
Kxg7 32. Rxd7 Re4 33. b3 Rf4 34. Rd2 h5 35. g3 Rd4 36. Rc2 h4 37. Kg2 hxg3
38. Kxg3 Bd8 39. Bc4 a5 40. a4 Bc7+ 41. Kg2 Bd6 42. Re2 b6 43. Re3 Kg6
1/2-1/2

[Event "4th Stage Russian Cup"]
[Site "Samara RUS"]
[Date "2002.08.02"]
[Round "8"]
[White "Nikitin,An"]
[Black "Kruppa,Y"]
[Result "1/2-1/2"]
[WhiteElo "2471"]
[BlackElo "2544"]
[EventDate "2002.07.26"]

1. d4 Nf6 2. c4 g6 3. Nc3 Bg7 4. e4 d6 5. Nf3 O-O 6. Be2 e5 7. O-O Nc6 8.
d5 Ne7 9. Ne1 Nd7 10. Be3 f5 11. f3 f4 12. Bf2 g5 13. a4 Ng6 14. a5 Kh8 15.
Nd3 Nf6 16. c5 Rg8 17. Kh1 Bf8 18. a6 b6 19. cxb6 cxb6 20. Nb4 Qd7 21. Qa4
Qg7 22. g4 fxg3 23. Bxg3 Bd7 24. Bb5 Bh3 25. Rg1 Nd7 1/2-1/2